00810nam a2200217 a 450000100100000000500170001000800410002702000150006804000250008308200190010810000270012724501680015426000740032230000270039665000370042365000260046065000260048665000280051270000260054070000260056600002198420250717131055.0100915s1982 xxu 000 0 spa d a0311114458 aDO-SdBNPbspacBNPHU a268.432bP317m1 aPatterson, Paulina de.10aMejor enseñanza bíblica para maestros de niños de 4 y 5 años /cPaulina de Patterson y Ruth Domínguez H. ; revisión y adaptación Carol de Martínez. aEstados Unidos de América :bCasa Bautista de Publicaciones,c1982. a96 p. :bil. ;c18 cm. 4aEducación cristiana de niños 4aEducación cristiana 0aEducación religiosa 4aTeologíaxEnseñanza1 aDomínguez H., Ruth.1 aMartínez, Carol de.